[Event "Oberliga Nord O 1314"]
[Site "Germany"]
[Date "2014.02.23"]
[Round "7.5"]
[White "Heuer, Thomas"]
[Black "Cusnariov, Nikolai"]
[Result "1/2-1/2"]
[WhiteElo "2156"]
[BlackElo "2148"]
[PlyCount "47"]
[EventDate "2013.10.13"]
[EventType "team-tourn"]
[EventRounds "9"]
[EventCountry "GER"]
[SourceTitle "EXT 2015"]
[Source "ChessBase"]
[SourceDate "2014.11.20"]
[SourceVersion "1"]
[SourceVersionDate "2014.11.20"]
[SourceQuality "1"]
[WhiteTeam "Neuruppin"]
[BlackTeam "Potsdam USV"]
[WhiteTeamCountry "GER"]
[BlackTeamCountry "GER"]

1. d4 d5 2. Nf3 Nf6 3. c4 e6 4. Nc3 Be7 5. Bg5 0-0 6. e3 Nbd7 7. Rc1 c6 8. Bd3 dxc4 9. Bxc4 Nd5 10. Bxe7 Qxe7 11. 0-0 Nxc3 12. Rxc3 e5 13. dxe5 Nxe5 14. Nxe5 Qxe5 15. f4 Qe7 16. Qc2 Be6 17. Bd3 f5 18. e4 fxe4 19. Bxe4 h6 20. f5 Qf6 21. Rg3 Bf7 22. b3 Rfe8 23. Bd3 Rad8 24. Bc4 1/2-1/2

[Event "Oberliga Nord O 1314"]
[Site "Germany"]
[Date "2014.02.09"]
[Round "6.5"]
[White "Cusnariov, Nikolai"]
[Black "Thormann, Wolfgang"]
[Result "1/2-1/2"]
[WhiteElo "2148"]
[BlackElo "2272"]
[PlyCount "84"]
[EventDate "2013.10.13"]
[EventType "team-tourn"]
[EventRounds "9"]
[EventCountry "GER"]
[SourceTitle "EXT 2015"]
[Source "ChessBase"]
[SourceDate "2014.11.20"]
[SourceVersion "1"]
[SourceVersionDate "2014.11.20"]
[SourceQuality "1"]
[WhiteTeam "Potsdam USV"]
[BlackTeam "Oberschoeneweide"]
[WhiteTeamCountry "GER"]
[BlackTeamCountry "GER"]

1. c4 e6 2. d4 Nf6 3. Nc3 Bb4 4. e3 0-0 5. Bd3 d5 6. Nf3 dxc4 7. Bxc4 c5 8. a3 Ba5 9. 0-0 cxd4 10. exd4 Qc7 11. Qe2 Bxc3 12. bxc3 Nd5 13. Bd2 Nd7 14. Rfc1 Nf4 15. Bxf4 Qxf4 16. Qe3 Qxe3 17. fxe3 Nb6 18. Bd3 Bd7 19. c4 f6 20. Rab1 Rab8 21. e4 Rfc8 22. Rb4 Rc7 23. Rcb1 e5 24. dxe5 Be6 25. exf6 gxf6 26. e5 fxe5 27. Nxe5 Rc5 28. Rb5 Rbc8 29. Rxc5 Rxc5 30. Rb5 Rc7 31. Be4 Kg7 32. a4 Nxa4 33. Bxb7 Nc3 34. Rb3 Kf6 35. Rxc3 Kxe5 36. Ba6 Kd4 37. Rc1 Bxc4 38. Bxc4 Rxc4 39. Rd1+ Ke3 40. Ra1 a5 41. Ra3+ Ke2 42. Ra2+ Ke3 1/2-1/2

[Event "Oberliga Nord O 1314"]
[Site "Germany"]
[Date "2013.11.10"]
[Round "2.6"]
[White "Valet, Richard"]
[Black "Cusnariov, Nikolai"]
[Result "0-1"]
[WhiteElo "2062"]
[BlackElo "2148"]
[PlyCount "64"]
[EventDate "2013.10.13"]
[EventType "team-tourn"]
[EventRounds "9"]
[EventCountry "GER"]
[SourceTitle "EXT 2015"]
[Source "ChessBase"]
[SourceDate "2014.11.20"]
[SourceVersion "1"]
[SourceVersionDate "2014.11.20"]
[SourceQuality "1"]
[WhiteTeam "Greifswald"]
[BlackTeam "Potsdam USV"]
[WhiteTeamCountry "GER"]
[BlackTeamCountry "GER"]

1. e4 c6 2. d4 d5 3. exd5 cxd5 4. Bd3 Nc6 5. c3 g6 6. Bf4 Bg7 7. Nd2 Nf6 8. h3 0-0 9. Ngf3 Nh5 10. Bh2 Bh6 11. g4 Nf4 12. Bf1 f6 13. c4 Be6 14. Qc2 Qa5 15. Qc3 dxc4 16. Bxf4 Bxf4 17. Bxc4 Bxc4 18. Qxc4+ Kh8 19. 0-0-0 Ne5 20. dxe5 Rac8 21. Kb1 Rxc4 22. Nxc4 Qb5 23. Rd4 fxe5 24. Re4 Qd5 25. Rhe1 Qd3+ 26. Ka1 Qxf3 27. Nxe5 Bxe5 28. Rxe5 Rd8 29. a3 Rd1+ 30. Rxd1 Qxd1+ 31. Ka2 Qd6 32. f4 Kg7 0-1

[Event "Oberliga Nord O 1314"]
[Site "Germany"]
[Date "2013.10.13"]
[Round "1.5"]
[White "Cusnariov, Nikolai"]
[Black "Pueschel, Werner"]
[Result "1-0"]
[WhiteElo "2148"]
[BlackElo "2104"]
[PlyCount "57"]
[EventDate "2013.10.13"]
[EventType "team-tourn"]
[EventRounds "9"]
[EventCountry "GER"]
[SourceTitle "EXT 2015"]
[Source "ChessBase"]
[SourceDate "2014.11.20"]
[SourceVersion "1"]
[SourceVersionDate "2014.11.20"]
[SourceQuality "1"]
[WhiteTeam "Potsdam USV"]
[BlackTeam "Steglitz Wilmersdorf"]
[WhiteTeamCountry "GER"]
[BlackTeamCountry "GER"]

1. e4 d6 2. d4 a6 3. Nf3 g6 4. Bd3 Bg7 5. c3 c6 6. 0-0 Bg4 7. h3 Bxf3 8. Qxf3 Nd7 9. Qe2 e5 10. Be3 Ne7 11. f4 0-0 12. fxe5 dxe5 13. Nd2 Qc7 14. Nf3 f6 15. Bc4+ Kh8 16. b4 h6 17. Bb3 f5 18. dxe5 fxe4 19. Nd4 Qxe5 20. Ne6 Rxf1+ 21. Rxf1 Nf5 22. Nxg7 Kxg7 23. Bf4 Qxc3 24. Qxe4 Nf6 25. Be5 Qd2 26. Bxf6+ Kxf6 27. g4 Qg5 28. Qd4+ Ke7 29. Re1+ 1-0

[Event "Berlin Lichtenberger op 10th"]
[Site "Berlin"]
[Date "2011.08.19"]
[Round "7"]
[White "Cusnariov, Nikolai"]
[Black "Kapp, Martin"]
[Result "1/2-1/2"]
[WhiteElo "2143"]
[BlackElo "2209"]
[PlyCount "56"]
[EventDate "2011.08.13"]
[EventType "swiss"]
[EventRounds "9"]
[EventCountry "GER"]
[SourceTitle "CBM 143 Extra"]
[Source "ChessBase"]
[SourceDate "2011.08.29"]
[SourceVersion "1"]
[SourceVersionDate "2011.08.29"]
[SourceQuality "1"]

1. d4 e6 2. Nf3 Nf6 3. c4 b6 4. g3 Bb7 5. Bg2 Be7 6. 0-0 0-0 7. Re1 d5 8. Nc3 Bb4 9. Qb3 Qe7 10. Bg5 Nbd7 11. Ne5 Rfd8 12. cxd5 exd5 13. Nxd7 Rxd7 14. Bxf6 gxf6 15. Bxd5 Bxc3 16. Bxb7 Bxe1 17. Bxa8 Qxe2 18. Qe3 Qxe3 19. fxe3 Bd2 20. Kf2 Re7 21. e4 Rd7 22. d5 Re7 23. Kf3 Bb4 24. Bb7 f5 25. exf5 Kg7 26. Rd1 Bc5 27. Rd3 Kf6 28. g4 Kg5 1/2-1/2

[Event "Berlin Lichtenberger op 10th"]
[Site "Berlin"]
[Date "2011.08.16"]
[Round "4"]
[White "Cusnariov, Nikolai"]
[Black "Kohler, Thomas"]
[Result "1/2-1/2"]
[WhiteElo "2143"]
[BlackElo "2255"]
[PlyCount "35"]
[EventDate "2011.08.13"]
[EventType "swiss"]
[EventRounds "9"]
[EventCountry "GER"]
[SourceTitle "CBM 143 Extra"]
[Source "ChessBase"]
[SourceDate "2011.08.29"]
[SourceVersion "1"]
[SourceVersionDate "2011.08.29"]
[SourceQuality "1"]

1. b3 d6 2. Bb2 Nd7 3. g3 Ngf6 4. Bg2 e5 5. c4 g6 6. Nf3 Bg7 7. 0-0 0-0 8. d3 Re8 9. e4 c6 10. Nc3 a5 11. Re1 Nc5 12. Qc2 Qb6 13. h3 Nfd7 14. Bc1 Ne6 15. Be3 Ndc5 16. Na4 Qc7 17. Nxc5 dxc5 18. Ng5 1/2-1/2

[Event "Berlin Lichtenberger op 10th"]
[Site "Berlin"]
[Date "2011.08.14"]
[Round "3"]
[White "Kapp, Stefan"]
[Black "Cusnariov, Nikolai"]
[Result "0-1"]
[WhiteElo "1991"]
[BlackElo "2143"]
[PlyCount "92"]
[EventDate "2011.08.13"]
[EventType "swiss"]
[EventRounds "9"]
[EventCountry "GER"]
[SourceTitle "CBM 143 Extra"]
[Source "ChessBase"]
[SourceDate "2011.08.29"]
[SourceVersion "1"]
[SourceVersionDate "2011.08.29"]
[SourceQuality "1"]

1. d4 Nf6 2. c4 e6 3. Nc3 d5 4. Bg5 Be7 5. e3 0-0 6. Nf3 h6 7. Bxf6 Bxf6 8. cxd5 exd5 9. Be2 b6 10. 0-0 Bb7 11. b4 c6 12. Qb3 Qd6 13. a4 Nd7 14. Rad1 a5 15. b5 c5 16. Qa3 Qe6 17. dxc5 bxc5 18. Qb3 Nb6 19. Rc1 Rfe8 20. Rfd1 Rad8 21. Bf1 Qg4 22. h3 Qb4 23. Qc2 d4 24. Na2 Qxa4 25. Qxa4 Nxa4 26. exd4 Bxf3 27. gxf3 Bxd4 28. Re1 Kf8 29. Kg2 Nb6 30. Rxe8+ Kxe8 31. Nc3 a4 32. Nb1 Rd5 33. Bc4 Re5 34. Rc2 Re1 35. Nd2 f6 36. f4 Kd7 37. Bd3 a3 38. Nc4 Nxc4 39. Bxc4 Kc7 40. Kf3 Rh1 41. Ke4 Rxh3 42. Kd5 Rh5+ 43. Ke6 Rh2 44. Kf7 Rxf2 45. Rxf2 Bxf2 46. Kg6 Bd4 0-1

[Event "Potsdam Christmas 34th"]
[Site "Potsdam"]
[Date "2010.01.01"]
[Round "7.4"]
[White "Illner, Kristof"]
[Black "Cusnariov, Nikolai"]
[Result "0-1"]
[WhiteElo "2104"]
[BlackElo "2173"]
[PlyCount "82"]
[EventDate "2009.12.27"]
[EventType "swiss"]
[EventRounds "7"]
[EventCountry "GER"]
[SourceTitle "EXT 2022"]
[Source "ChessBase"]
[SourceDate "2021.10.06"]
[SourceVersion "1"]
[SourceVersionDate "2021.10.06"]
[SourceQuality "1"]

1. e4 c6 2. d4 d5 3. e5 c5 4. Nf3 cxd4 5. Nxd4 Nc6 6. Bb5 Bd7 7. e6 fxe6 8. Bxc6 bxc6 9. Qh5+ g6 10. Qe5 Nf6 11. Nxe6 Bxe6 12. Qxe6 Qd7 13. Qe2 Bg7 14. Nd2 0-0 15. 0-0 Rae8 16. Nb3 e5 17. Be3 Qb7 18. Na5 Qc7 19. Qa6 Rf7 20. Bd2 c5 21. Qc6 Qb6 22. f3 Rc7 23. Qxb6 axb6 24. Nb3 e4 25. Rae1 Rce7 26. Kf2 c4 27. Nc1 d4 28. Bg5 e3+ 29. Ke2 Re6 30. Bxf6 Bxf6 31. b3 b5 32. f4 Rd6 33. Rf3 Bd8 34. a4 bxa4 35. bxc4 Ba5 36. Rd1 a3 37. Nb3 Bc3 38. f5 a2 39. fxg6 hxg6 40. Rf4 Ra6 41. Na1 Rc6 0-1

[Event "Potsdam Christmas 34th"]
[Site "Potsdam"]
[Date "2009.12.29"]
[Round "5.1"]
[White "Cusnariov, Nikolai"]
[Black "Rietze, Clemens"]
[Result "1/2-1/2"]
[WhiteElo "2173"]
[BlackElo "2186"]
[PlyCount "40"]
[EventDate "2009.12.27"]
[EventType "swiss"]
[EventRounds "7"]
[EventCountry "GER"]
[SourceTitle "EXT 2022"]
[Source "ChessBase"]
[SourceDate "2021.10.06"]
[SourceVersion "1"]
[SourceVersionDate "2021.10.06"]
[SourceQuality "1"]

1. b3 d5 2. Bb2 Nf6 3. Nf3 c5 4. e3 Nc6 5. d4 g6 6. Bd3 Bg7 7. 0-0 0-0 8. dxc5 Qa5 9. a3 Qxc5 10. b4 Qb6 11. c4 e5 12. Nxe5 Nxe5 13. Bxe5 Qe6 14. Bb2 dxc4 15. Be2 Bd7 16. Qc2 Rac8 17. Nc3 Bc6 18. b5 Be4 19. Nxe4 Qxe4 20. Rac1 Rc7 1/2-1/2

[Event "Berlin Lichtenrade op 05th"]
[Site "Berlin"]
[Date "2009.10.19"]
[Round "3"]
[White "Cusnariov, Nikolai"]
[Black "Orzech, Dominik"]
[Result "1/2-1/2"]
[WhiteElo "2156"]
[BlackElo "2435"]
[PlyCount "113"]
[EventDate "2009.10.11"]
[EventType "swiss"]
[EventRounds "9"]
[EventCountry "GER"]
[SourceTitle "EXT 2010"]
[Source "ChessBase"]
[SourceDate "2010.11.25"]
[SourceVersion "1"]
[SourceVersionDate "2010.11.25"]
[SourceQuality "1"]

1. e4 c5 2. Nf3 Nf6 3. d3 Nc6 4. Be2 g6 5. 0-0 Bg7 6. c3 0-0 7. Nbd2 Qc7 8. Qc2 d5 9. Re1 b6 10. Bf1 e5 11. b4 Bb7 12. bxc5 bxc5 13. Rb1 Rfd8 14. Ba3 c4 15. exd5 cxd3 16. Rxb7 Qxb7 17. dxc6 Qa6 18. Qb3 e4 19. c7 Rdc8 20. Nxe4 Nxe4 21. Rxe4 Rxc7 22. c4 Rd8 23. Bxd3 Rb7 24. Bb4 Qc6 25. Re3 f5 26. c5+ Kh8 27. Ng5 a5 28. Rh3 h6 29. Nf7+ Rxf7 30. Qxf7 axb4 31. Rg3 Qf6 32. Qxf6 Bxf6 33. Bf1 Rd2 34. Rd3 Rxa2 35. c6 Rc2 36. Rb3 Bd4 37. h3 Bxf2+ 38. Kh2 Bc5 39. Bb5 f4 40. h4 Bd6 41. Rd3 Be5 42. Rd5 Bc7 43. Rd7 b3 44. Ba4 Be5 45. Re7 Bf6 46. Rf7 Be5 47. Re7 f3+ 48. Rxe5 f2 49. Bxb3 f1Q 50. Re8+ Kg7 51. Bxc2 Qf4+ 52. Kh3 g5 53. hxg5 hxg5 54. Re4 Qd6 55. Rg4 Kh6 56. Be4 Qe5 57. Bf3 1/2-1/2